| 000 | 01496nam a2200349 a 4500 | ||
|---|---|---|---|
| 001 | |||
| 003 | DO-SdBNP | ||
| 005 | 20210716100137.0 | ||
| 008 | 150602s2017 dr 000 0 spa d | ||
| 020 | _a9789945590678 | ||
| 040 |
_aBPMSU _bspa _cBPMSU |
||
| 082 |
_aRD864.44 _bP925p,2016 _222 |
||
| 111 | 2 |
_aPremios FUNGLODE _d(2016 : _cSanto Domingo) |
|
| 245 | 1 | 0 |
_aPaseo cultural y otros temas periodísticos. / _cMayra Pérez Castillo...[et al.]. |
| 260 |
_aSanto Domingo : _bFUNGLODE, _c2017. |
||
| 300 |
_a206 p. ; _c24 cm. |
||
| 490 | 0 |
_aPremios FUNGLODE/ GFDD _aPeriodismo |
|
| 505 | 0 |
_gPrimer lugar -- _tPaseo cultural / _rMayra Pérez Castillo -- _gSegundo lugar -- _tEra de Trujillo a sus 55 años / _rHéctor Francisco Minaya Rosario -- _gTercer lugar -- _tLas emergencias en emergencia / _rDoris Pantaleón -- _gMención -- _tHospitales del Sur / _rAna Lisinia Batista Mateo -- _gMención -- _tAislados para salverse / _rAdriana Peguero -- _gMención -- _tEl legado de Salomé / _rCarmen Teresa Guzmán -- |
|
| 586 | _aPremio FUNGLODE de Periodismo Rafael Herrera, 2016 | ||
| 590 | _aInventariado, 2021/VM | ||
| 650 | 4 |
_aEnsayos dominicanos _z |
|
| 650 | 4 | _aArtículos periodísticos | |
| 650 | 4 | _aCertamenes literarios | |
| 700 | 1 | _aPérez Castillo, Mayra | |
| 700 | 1 | _aMinaya Rosario, Héctor Francisco | |
| 700 | 1 | _aPantaleón, Doris | |
| 700 | 1 | _aBatista Mateo, Ana Lisania | |
| 700 | 1 | _aPeguero, Adriana | |
| 700 | 1 | _aGuzmán, Carmen Teresa | |
| 910 | _aVMateo V | ||
| 942 |
_2ddc _cBK |
||
| 999 |
_c13571 _d13571 |
||